000 00473nam a2200193Ia 4500
005 20250423100641.0
008 250422s9999 xx 000 0 und d
020 _a0080190081
050 _aQC 174.1 .C5813/
100 _aConstantinecsu, Florin
245 0 _aProblems in quantum mechanics
250 _a2nd ed.
260 _aOxford
260 _bPergamon
260 _c1971
300 _a420 p
650 _aQuantum theory_Problems, exercises, etc.
942 _cBK
999 _c33949
_d33949